| 000 | 00933nam a2200301 i 4500 | ||
|---|---|---|---|
| 001 | 000016015 | ||
| 003 | DO-SdBNP | ||
| 005 | 20251121090906.0 | ||
| 007 | ta | ||
| 008 | 100223s1980 dr r 000 0 spa d | ||
| 040 |
_aDO-SdBNP _bspa _cBNPHU _erda |
||
| 041 | _aspa | ||
| 082 |
_axxxx _bA485r, 1980 _222 |
||
| 100 | 1 |
_aAmaro Guzmán, Raymundo _eautor _9656 |
|
| 245 | 1 | 3 |
_aLa reforma administrativa y la carrera del servidor público / _cRaymundo Amaro Guzmán. |
| 250 | _aSegunda edición | ||
| 264 |
_aSanto Domingo : _bPublicaciones ONAP, _c1980. |
||
| 300 |
_a170 Páginas ; _c24 cm. |
||
| 336 |
_ardacontent _btexto _2txt |
||
| 337 |
_ardamedia _bsin mediación _2n |
||
| 338 |
_ardacarrier _bvolumen _2nc |
||
| 490 | 1 |
_aEstudios Administrativos _v4 |
|
| 504 | _aBibliografía : páginas 167-170 | ||
| 590 | _aInventariado, 2025/DG | ||
| 830 | 0 |
_aEstudios Administrativos _n4 _935964 |
|
| 910 | _aDG | ||
| 942 |
_2ddc _cLBS1 |
||
| 999 |
_c15557 _d15557 |
||